Lectura y escritura en carreras de ciencias humanas y sociales (Registro nro. 3312)
[ vista simple ]
| 000 -LEADER | |
|---|---|
| fixed length control field | 02386 a2200337 4500 |
| 001 - CONTROL NUMBER | |
| control field | 40840 |
| 005 - DATE AND TIME OF LATEST TRANSACTION | |
| control field | 20260407155703.0 |
| 008 - FIXED-LENGTH DATA ELEMENTS--GENERAL INFORMATION | |
| fixed length control field | 260407a2014 arg spa d |
| 003 - CONTROL NUMBER IDENTIFIER | |
| control field | AR-UNSa-BCEJYS |
| 040 ## - CATALOGING SOURCE | |
| Original cataloging agency | AR-UNSa-BCEJYS |
| Language of cataloging | spa |
| Transcribing agency | AR-UNSa-BCEJYS |
| 080 ## - UNIVERSAL DECIMAL CLASSIFICATION NUMBER | |
| Universal Decimal Classification number | 372.83 |
| Common auxiliary subdivision | Enseñanza de las Ciencias Sociales |
| 020 ## - INTERNATIONAL STANDARD BOOK NUMBER | |
| International Standard Book Number | 978-987-538-406-4 |
| 041 ## - LANGUAGE CODE | |
| Language code of text/sound track or separate title | spa |
| 100 1# - MAIN ENTRY--PERSONAL NAME | |
| Personal name | Novo, María del Carmen |
| 245 10 - TITLE STATEMENT | |
| Title | Lectura y escritura en carreras de ciencias humanas y sociales |
| Name of part/section of a work | ideas y experiencias de enseñanza |
| 264 #1 - PRODUCTION, PUBLICATION, DISTRIBUTION, MANUFACTURE, AND COPYRIGHT NOTICE | |
| Place of production, publication, distribution, manufacture | Buenos Aires : |
| Name of producer, publisher, distributor, manufacturer | Noveduc |
| Date of production, publication, distribution, manufacture, or copyright notice | 2014 |
| 300 ## - PHYSICAL DESCRIPTION | |
| Extent | 115 p. |
| Dimensions | 28 cm. |
| 505 ## - FORMATTED CONTENTS NOTE | |
| Formatted contents note | 1. El enriquecimiento de las prácticas de lectura y escritura de los docentes en formación - 2. Intervenciones didácticas para enseñar a leer en el aula universitaria. De "leer para controlar la guía" a compartir la lectura - 3. Identidades discursivas en la escritura de las disciplinas. Una enseñanza posible, una responsabilidad compartida - 4. Las prácticas de lectura y escritura en la universidad: aprendizaje disciplinario y conformación subjetiva - 5. Filosofía y escritura. Algunas reflexiones en torno a una experiencia - 6. Los marcadores del discurso - 7. La ficción como poética de la historia - 8. Instrucciones de lectura. El ensayo en la universidad: la configuración del enunciador académico a través de la escritura - 9. La literatura como reconstrucción del pasado - 10. Literatura y realidad - 11. La literatura como constructora de visiones sobre un pasado no vivido - 12. La representación de la ficción - 13. La ficción y la construcción del pasado - 14. La literatura al servicio de la memoria sobre un pasado que debemos recordar - 15. La ficción como forma de construir memoria. La última dictadura argentina según "Dos veces junio" y "La mujer en cuestión" - 16. Literatura de ficción y no-ficción. Dos formas de construir la memoria colectiva |
| 590 ## - LOCAL NOTE (RLIN) | |
| Local note | niveau_biblio:m niveau_hierar:0 |
| 700 1# - ADDED ENTRY--PERSONAL NAME | |
| Personal name | Rosales, Pablo |
| 700 1# - ADDED ENTRY--PERSONAL NAME | |
| Personal name | Aiola, Norma |
| 700 1# - ADDED ENTRY--PERSONAL NAME | |
| Personal name | Bonnet, Marcela |
| 700 1# - ADDED ENTRY--PERSONAL NAME | |
| Personal name | Bottazzo, María del Carmen |
| 700 1# - ADDED ENTRY--PERSONAL NAME | |
| Personal name | Degli Uomini, Mariano Claudio |
| 700 1# - ADDED ENTRY--PERSONAL NAME | |
| Personal name | Díaz, Marcelo Daniel |
| 700 1# - ADDED ENTRY--PERSONAL NAME | |
| Personal name | Escalarea, Laura Leonor |
| 700 1# - ADDED ENTRY--PERSONAL NAME | |
| Personal name | Jakob, Ivone |
| 700 1# - ADDED ENTRY--PERSONAL NAME | |
| Personal name | Ricca, Guillermo |
| 856 41 - ELECTRONIC LOCATION AND ACCESS | |
| Uniform Resource Identifier | <a href="https://biblioeco.unsa.edu.ar/pmb/images/libros/L126298.jpg">https://biblioeco.unsa.edu.ar/pmb/images/libros/L126298.jpg</a> |
| Link text | Imagen de portada |
| Electronic format type | image/jpeg |
| 942 ## - ADDED ENTRY ELEMENTS (KOHA) | |
| Koha item type | |
| Withdrawn status | Lost status | Damaged status | Not for loan | Home library | Current library | Shelving location | Date acquired | Total checkouts | Full call number | Barcode | Date last seen | Price effective from | Koha item type |
|---|---|---|---|---|---|---|---|---|---|---|---|---|---|
| Biblioteca Prof. Eusebio Cleto del Rey | Biblioteca Prof. Eusebio Cleto del Rey | 07/04/2026 | 372.83 R788 | L126298 | 07/04/2026 | 07/04/2026 | Libro | ||||||
| Biblioteca Prof. Eusebio Cleto del Rey | Biblioteca Prof. Eusebio Cleto del Rey | 07/04/2026 | 372.83 R788 | L126299 | 07/04/2026 | 07/04/2026 | Libro |